|
|
|
|
| LEADER |
00863nam a22002297a 4500 |
| 001 |
AAL7337 |
| 003 |
BD-DhAAL |
| 005 |
20160228144549.0 |
| 008 |
160228m20102009bg ||||| b||| 00| 0 ben d |
| 020 |
|
|
|a 9847015601379
|
| 040 |
|
|
|a BD-DhAAL
|c BD-DhAAL
|
| 082 |
|
|
|a 954.92
|
| 100 |
|
|
|a রফিক, আহমদ
|9 18226
|
| 245 |
|
|
|a ভাষা আন্দোলনের কথা /
|c আহমদ রফিক
|
| 260 |
|
|
|a ঢাকা :
|b মাওলা ব্রাদার্স,
|c ২০১০
|
| 300 |
|
|
|a ৩২ পৃ. ;
|c ২২ সে.মি.
|
| 504 |
|
|
|6 Includes bibliographies
|
| 541 |
|
|
|e 7337
|
| 651 |
|
|
|a Bangladesh
|x History
|9 18227
|
| 942 |
|
|
|2 ddc
|c BK
|
| 999 |
|
|
|c 36948
|d 36948
|
| 952 |
|
|
|0 0
|1 0
|2 ddc
|4 0
|6 954_920000000000000_RAF
|7 0
|9 58200
|a SCL
|b SCL
|c GEN
|d 2016-02-28
|g 60.00
|l 2
|m 8
|o 954.92 RAF
|p 3020007337
|r 2024-03-31
|s 2024-02-15
|t 1
|w 2016-02-28
|y BK
|